<The> Profitability and Capital Adequacy in Central and Eastern European Countries in the Light of the Basel III Requirements - a Forecast Approach

Kombinatorické predvídanie a umelé neurónové prognózy (ANN) Strednej a východnej Európy krajín, ktoré nie sú členmi eurozóny, s cieľom predpovedať ďalší vývoj ukazovateľa kapitálovej primeranosti, návratnosti aktív (ROA) a čistého úrokového rozpätia počas rokov 2016 - 2017.

Guardado en:
Detalles Bibliográficos
Autor principal: Radulescu, Magdalena
Otros Autores: Banica, Logica
Formato: Capítulo de libro
Lenguaje:inglés
Materias:
Etiquetas: Agregar Etiqueta
Sin Etiquetas, Sea el primero en etiquetar este registro!

MARC

LEADER 00000naa a2200000 4500
001 0243650
005 20221104111332.7
041 0 |a eng 
044 |a SK 
245 1 0 |a <The> Profitability and Capital Adequacy in Central and Eastern European Countries in the Light of the Basel III Requirements - a Forecast Approach  |c Magdalena Radulescu, Logica Banica 
520 |a Kombinatorické predvídanie a umelé neurónové prognózy (ANN) Strednej a východnej Európy krajín, ktoré nie sú členmi eurozóny, s cieľom predpovedať ďalší vývoj ukazovateľa kapitálovej primeranosti, návratnosti aktív (ROA) a čistého úrokového rozpätia počas rokov 2016 - 2017. 
610 2 0 |a primeranosť kapitálová 
610 2 0 |a ukazovatele rentability 
610 2 0 |a banky 
610 2 0 |a stredná Európa 
610 2 0 |a východná Európa 
610 2 0 |a predvídanie 
610 2 0 |a rozpätie úverové 
100 1 |a Radulescu, Magdalena 
700 1 |a Banica, Logica